100 %

Korporativní autor: Alkehol (hudební skupina)
Jazyk: Čeština
Vydáno: Praha : Monitor-EMI, p1997
Témata:
Fyzický popis: 1 CD ; 12 cm + 1 brožura [12 s.].
Zvukové nahrávky
Uloženo v:
LEADER 01309njm a2200469 a 4500
001 000248419
003 CZ BrMZK
005 19950101143423.0
008 950101s1997 xr f cze d
028 0 1 |a 7243-8-21489-2-0  |b Monitor-EMI 
040 |a BOA001  |b cze 
080 |a 784.4.03"199"(086.7)  |2 MRF 
110 2 |a Alkehol (hudební skupina)  |7 kn20010709233  |4 prf 
245 1 0 |a 100 %  |h [zvukový záznam] /  |c Alkehol. 
246 3 3 |a Schovka 
246 3 3 |a Utíkej 
246 3 3 |a Už jsem takovej 
246 3 3 |a Zahradní 
246 3 3 |a Zase sám 
246 3 |a Řečí už bylo dost 
246 3 |a Sto % 
246 1 2 |a Alkehol 100% 
246 3 3 |a A chlatu bylo mnoc- 
246 3 3 |a Běž dál 
246 3 3 |a Cesta 
246 3 3 |a Dilema 
246 3 3 |a Je tvůj pán 
246 3 3 |a Jedna za druhou 
246 3 3 |a Já chci spát 
246 3 3 |a Lejboy 
246 3 3 |a O penězích 
260 |a Praha :  |b Monitor-EMI,  |c p1997 
300 |a 1 CD ;  |c 12 cm +  |e 1 brožura [12 s.]. 
306 |a 005025 
500 |a Texty písní v doprovod. mater. 
500 |a Nahr. 1997 
500 |a Durata [50:25] 
505 2 |a Lejboy, Utíkej, Řečí už bylo dost ... [et al.] 
653 0 |a heavy metal  |a rocková hudba 
910 |a BOA001  |b CD-0005.046 
964 |a Hudba rocková  |z stol.20.,léta 90.  |x CD 
990 |a AV